[Event "DVM U12 2022"]
[Site "München GER"]
[Date "2022.12.27"]
[Round "1"]
[White "Arne, Jonas"]
[Black "Spielvogel, Oliver"]
[Result "1-0"]
[Termination "normal"]
[Board "9.2"]
[WhiteElo "1394"]
[BlackElo "1312"]
[WhiteClock "01:08:32"]
[BlackClock "01:29:28"]
[WhiteTeam "SG Kaiserslautern 1905"]
[BlackTeam "Barnimer Schachfreunde im SV Stahl Finow"]
[PlyCount "29"]
[WhiteFideId "34640398"]
[BlackFideId "16296494"]
[EventCountry "GER"]
[EventRounds "7"]
[EventType "team-swiss"]
[EventDate "2022.12.26"]

1. e4 {[%clk 01:30:58]} {[%emt 00:00:02]} d5 {[%clk 01:30:51]} {[%emt
00:00:09]} 2. exd5 {[%clk 01:30:54]} {[%emt 00:00:34]} Qxd5 {[%clk 01:31:14]}
{[%emt 00:00:07]} 3. Nc3 {[%clk 01:30:58]} {[%emt 00:00:26]} Qa5 {[%clk
01:31:34]} {[%emt 00:00:11]} 4. d4 {[%clk 01:30:16]} {[%emt 00:01:12]} c6
{[%clk 01:31:56]} {[%emt 00:00:07]} 5. Nf3 {[%clk 01:27:46]} {[%emt 00:03:00]}
Qc7 {[%clk 01:32:14]} {[%emt 00:00:12]} 6. d5 {[%clk 01:22:57]} {[%emt
00:05:20]} cxd5 {[%clk 01:32:26]} {[%emt 00:00:17]} 7. Nxd5 {[%clk 01:22:38]}
{[%emt 00:00:50]} Qd6 {[%clk 01:32:01]} {[%emt 00:00:54]} 8. Bf4 {[%clk
01:12:59]} {[%emt 00:10:10]} Qd7 {[%clk 01:31:08]} {[%emt 00:01:20]} 9. Nc7
{[%clk 01:08:09]} {[%emt 00:05:23]} Kd8 {[%clk 01:31:14]} {[%emt 00:00:24]} 10.
Nxa8 {[%clk 01:07:41]} {[%emt 00:00:58]} f6 {[%clk 01:31:30]} {[%emt 00:00:13]}
11. Bxb8 {[%clk 01:07:49]} {[%emt 00:00:22]} e5 {[%clk 01:31:32]} {[%emt
00:00:29]} 12. Qxd7 {[%clk 01:07:56]} {[%emt 00:00:22]} Bxd7 {[%clk 01:30:01]}
{[%emt 00:02:01]} 13. O-O-O {[%clk 01:07:49]} {[%emt 00:00:38]} Kc8 {[%clk
01:30:00]} {[%emt 00:00:30]} 14. Bc7 {[%clk 01:08:04]} {[%emt 00:00:14]} Bg4
{[%clk 01:29:28]} {[%emt 00:01:03]} 15. Rd8# {[%clk 01:08:32]} {[%emt
00:00:03]} 1-0

[Event "DVM U12 2022"]
[Site "München GER"]
[Date "2022.12.27"]
[Round "1"]
[White "Splitt, Albert"]
[Black "Klein, Deniz"]
[Result "0-1"]
[Termination "normal"]
[Board "9.3"]
[WhiteElo "1067"]
[BlackElo "1362"]
[WhiteClock "01:24:40"]
[BlackClock "00:46:32"]
[WhiteTeam "Barnimer Schachfreunde im SV Stahl Finow"]
[BlackTeam "SG Kaiserslautern 1905"]
[PlyCount "80"]
[WhiteFideId "34602879"]
[BlackFideId "34611282"]
[EventCountry "GER"]
[EventRounds "7"]
[EventType "team-swiss"]
[EventDate "2022.12.26"]

1. e4 {[%clk 01:30:54]} {[%emt 00:00:04]} c5 {[%clk 01:30:46]} {[%emt
00:00:14]} 2. Bc4 {[%clk 01:31:12]} {[%emt 00:00:13]} d6 {[%clk 01:30:35]}
{[%emt 00:00:42]} 3. Nf3 {[%clk 01:31:18]} {[%emt 00:00:24]} Nf6 {[%clk
01:29:48]} {[%emt 00:01:17]} 4. d3 {[%clk 01:31:28]} {[%emt 00:00:20]} g6
{[%clk 01:28:58]} {[%emt 00:01:20]} 5. Bg5 {[%clk 01:31:13]} {[%emt 00:00:45]}
Bg7 {[%clk 01:28:31]} {[%emt 00:00:57]} 6. Nc3 {[%clk 01:30:35]} {[%emt
00:01:08]} O-O {[%clk 01:28:15]} {[%emt 00:00:45]} 7. h3 {[%clk 01:30:44]}
{[%emt 00:00:20]} Nc6 {[%clk 01:26:10]} {[%emt 00:02:35]} 8. Qd2 {[%clk
01:30:35]} {[%emt 00:00:39]} Re8 {[%clk 01:19:44]} {[%emt 00:06:57]} 9. O-O-O
{[%clk 01:30:11]} {[%emt 00:00:53]} a6 {[%clk 01:17:48]} {[%emt 00:02:28]} 10.
Nd5 {[%clk 01:30:23]} {[%emt 00:00:17]} Nxd5 {[%clk 01:15:41]} {[%emt
00:02:37]} 11. Bxd5 {[%clk 01:30:43]} {[%emt 00:00:09]} Qb6 {[%clk 01:14:21]}
{[%emt 00:01:51]} 12. c3 {[%clk 01:30:30]} {[%emt 00:00:41]} Qc7 {[%clk
01:08:21]} {[%emt 00:06:31]} 13. Bh6 {[%clk 01:30:28]} {[%emt 00:00:32]} Bh8
{[%clk 01:02:23]} {[%emt 00:06:30]} 14. Ng5 {[%clk 01:30:36]} {[%emt 00:00:19]}
e6 {[%clk 01:00:53]} {[%emt 00:02:02]} 15. Bc4 {[%clk 01:30:24]} {[%emt
00:00:40]} b5 {[%clk 01:01:12]} {[%emt 00:00:13]} 16. Bb3 {[%clk 01:30:25]}
{[%emt 00:00:28]} a5 {[%clk 00:58:31]} {[%emt 00:03:12]} 17. a3 {[%clk
01:27:15]} {[%emt 00:03:40]} b4 {[%clk 00:57:16]} {[%emt 00:01:45]} 18. cxb4
{[%clk 01:27:18]} {[%emt 00:00:26]} axb4 {[%clk 00:56:15]} {[%emt 00:01:32]}
19. a4 {[%clk 01:26:59]} {[%emt 00:00:49]} Nd4 {[%clk 00:55:03]} {[%emt
00:01:42]} 20. Bc2 {[%clk 01:26:58]} {[%emt 00:00:31]} b3 {[%clk 00:51:50]}
{[%emt 00:03:44]} 21. Bb1 {[%clk 01:26:39]} {[%emt 00:00:47]} c4 {[%clk
00:49:07]} {[%emt 00:03:14]} 22. Rde1 {[%clk 01:25:47]} {[%emt 00:01:22]} cxd3
{[%clk 00:45:40]} {[%emt 00:03:57]} 23. Qc3 {[%clk 01:24:31]} {[%emt 00:01:45]}
Ne2 {[%clk 00:45:45]} {[%emt 00:00:25]} 24. Rxe2 {[%clk 01:24:33]} {[%emt
00:00:28]} Bxc3 {[%clk 00:46:08]} {[%emt 00:00:08]} 25. Kd1 {[%clk 01:23:25]}
{[%emt 00:01:38]} dxe2 {[%clk 00:46:28]} {[%emt 00:00:10]} 26. Kxe2 {[%clk
01:23:38]} {[%emt 00:00:17]} Ba6 {[%clk 00:46:25]} {[%emt 00:00:33]} 27. Bd3
{[%clk 01:23:45]} {[%emt 00:00:22]} Bxd3 {[%clk 00:46:39]} {[%emt 00:00:17]}
28. Kxd3 {[%clk 01:24:05]} {[%emt 00:00:09]} Bxb2 {[%clk 00:46:36]} {[%emt
00:00:35]} 29. Nf3 {[%clk 01:23:55]} {[%emt 00:00:39]} Bg7 {[%clk 00:45:44]}
{[%emt 00:01:23]} 30. Bd2 {[%clk 01:24:02]} {[%emt 00:00:22]} b2 {[%clk
00:45:39]} {[%emt 00:00:35]} 31. Ke2 {[%clk 01:23:54]} {[%emt 00:00:36]} Qc4
{[%clk 00:45:40]} {[%emt 00:00:32]} 32. Ke3 {[%clk 01:24:07]} {[%emt 00:00:16]}
Bh6 {[%clk 00:46:01]} {[%emt 00:00:10]} 33. Ng5 {[%clk 01:24:00]} {[%emt
00:00:37]} Bxg5 {[%clk 00:46:19]} {[%emt 00:00:12]} 34. f4 {[%clk 01:24:23]}
{[%emt 00:00:04]} Qb3 {[%clk 00:45:20]} {[%emt 00:01:31]} 35. Ke2 {[%clk
01:24:19]} {[%emt 00:00:32]} b1=Q {[%clk 00:45:36]} {[%emt 00:00:16]} 36. Rxb1
{[%clk 01:24:34]} {[%emt 00:00:15]} Qxb1 {[%clk 00:46:01]} {[%emt 00:00:05]}
37. Kf3 {[%clk 01:24:40]} {[%emt 00:00:22]} Qd3 {[%clk 00:46:11]} {[%emt
00:00:23]} 38. Kf2 {[%clk 01:24:41]} {[%emt 00:00:28]} Bh4 {[%clk 00:46:18]}
{[%emt 00:00:24]} 39. g3 {[%clk 01:24:19]} {[%emt 00:00:52]} Bxg3 {[%clk
00:46:33]} {[%emt 00:00:15]} 40. Kg1 {[%clk 01:24:40]} {[%emt 00:00:08]} Qxd2
{[%clk 00:46:32]} {[%emt 00:00:32]} 0-1

[Event "DVM U12 2022"]
[Site "München GER"]
[Date "2022.12.27"]
[Round "1"]
[White "Hahn, Julian"]
[Black "Wünsche, Jonathan"]
[Result "1-0"]
[Termination "normal"]
[Board "9.4"]
[WhiteElo "1214"]
[BlackElo "1068"]
[WhiteClock "00:57:31"]
[BlackClock "00:55:55"]
[WhiteTeam "SG Kaiserslautern 1905"]
[BlackTeam "Barnimer Schachfreunde im SV Stahl Finow"]
[PlyCount "119"]
[WhiteFideId "34640436"]
[BlackFideId "34602836"]
[EventCountry "GER"]
[EventRounds "7"]
[EventType "team-swiss"]
[EventDate "2022.12.26"]

1. e4 {[%clk 01:30:55]} {[%emt 00:00:04]} e5 {[%clk 01:30:50]} {[%emt
00:00:10]} 2. Nf3 {[%clk 01:31:18]} {[%emt 00:00:07]} Nc6 {[%clk 01:30:57]}
{[%emt 00:00:10]} 3. Bc4 {[%clk 01:31:12]} {[%emt 00:00:48]} Bc5 {[%clk
01:31:15]} {[%emt 00:00:13]} 4. d3 {[%clk 01:31:08]} {[%emt 00:00:34]} h6
{[%clk 01:31:37]} {[%emt 00:00:08]} 5. Be3 {[%clk 01:30:30]} {[%emt 00:01:08]}
Bxe3 {[%clk 01:31:53]} {[%emt 00:00:13]} 6. fxe3 {[%clk 01:30:53]} {[%emt
00:00:08]} d6 {[%clk 01:32:02]} {[%emt 00:00:21]} 7. h3 {[%clk 01:30:24]}
{[%emt 00:00:57]} Nf6 {[%clk 01:31:34]} {[%emt 00:01:00]} 8. Nc3 {[%clk
01:27:55]} {[%emt 00:02:59]} Bd7 {[%clk 01:31:22]} {[%emt 00:00:42]} 9. Qe2
{[%clk 01:25:57]} {[%emt 00:02:28]} Qe7 {[%clk 01:31:27]} {[%emt 00:00:25]} 10.
O-O-O {[%clk 01:24:02]} {[%emt 00:02:24]} Be6 {[%clk 01:30:26]} {[%emt
00:01:31]} 11. Nd5 {[%clk 01:23:37]} {[%emt 00:00:55]} Bxd5 {[%clk 01:29:35]}
{[%emt 00:01:20]} 12. exd5 {[%clk 01:22:00]} {[%emt 00:02:09]} Nb4 {[%clk
01:29:35]} {[%emt 00:00:29]} 13. e4 {[%clk 01:17:54]} {[%emt 00:04:37]} O-O-O
{[%clk 01:28:22]} {[%emt 00:01:43]} 14. Qd2 {[%clk 01:15:37]} {[%emt 00:02:46]}
Na6 {[%clk 01:21:05]} {[%emt 00:07:47]} 15. Bxa6 {[%clk 01:13:05]} {[%emt
00:03:02]} bxa6 {[%clk 01:21:26]} {[%emt 00:00:07]} 16. Qa5 {[%clk 01:12:52]}
{[%emt 00:00:45]} Kd7 {[%clk 01:21:11]} {[%emt 00:00:46]} 17. Qa4 {[%clk
01:11:29]} {[%emt 00:01:53]} Kc8 {[%clk 01:21:27]} {[%emt 00:00:14]} 18. Qxa6
{[%clk 01:11:14]} {[%emt 00:00:44]} Kd7 {[%clk 01:21:45]} {[%emt 00:00:13]} 19.
Qc6 {[%clk 01:11:22]} {[%emt 00:00:21]} Kc8 {[%clk 01:21:50]} {[%emt 00:00:25]}
20. Rhe1 {[%clk 01:10:41]} {[%emt 00:01:11]} Nd7 {[%clk 01:19:40]} {[%emt
00:02:41]} 21. Qa8 {[%clk 01:06:37]} {[%emt 00:04:33]} Nb8 {[%clk 01:20:01]}
{[%emt 00:00:09]} 22. Qxa7 {[%clk 01:07:03]} {[%emt 00:00:04]} Qd7 {[%clk
01:16:40]} {[%emt 00:03:51]} 23. d4 {[%clk 01:04:25]} {[%emt 00:03:08]} f6
{[%clk 01:16:05]} {[%emt 00:01:05]} 24. dxe5 {[%clk 01:03:16]} {[%emt
00:01:39]} fxe5 {[%clk 01:16:18]} {[%emt 00:00:16]} 25. Re3 {[%clk 01:01:24]}
{[%emt 00:02:23]} Qf7 {[%clk 01:11:41]} {[%emt 00:05:07]} 26. Rc3 {[%clk
00:58:31]} {[%emt 00:03:23]} Rhf8 {[%clk 01:09:35]} {[%emt 00:02:37]} 27. Rb3
{[%clk 00:56:56]} {[%emt 00:02:04]} Kd7 {[%clk 01:09:47]} {[%emt 00:00:18]} 28.
Rb7 {[%clk 00:56:42]} {[%emt 00:00:44]} Rc8 {[%clk 01:09:55]} {[%emt 00:00:22]}
29. Rd3 {[%clk 00:56:34]} {[%emt 00:00:38]} Qf4 {[%clk 01:09:39]} {[%emt
00:00:46]} 30. Qe3 {[%clk 00:55:42]} {[%emt 00:01:22]} Qxe3 {[%clk 01:08:01]}
{[%emt 00:02:07]} 31. Rxe3 {[%clk 00:56:01]} {[%emt 00:00:13]} Na6 {[%clk
01:08:07]} {[%emt 00:00:24]} 32. Ra7 {[%clk 00:54:56]} {[%emt 00:01:34]} Nc5
{[%clk 01:07:00]} {[%emt 00:01:37]} 33. b4 {[%clk 00:55:13]} {[%emt 00:00:13]}
Ne6 {[%clk 01:01:53]} {[%emt 00:05:37]} 34. dxe6 {[%clk 00:55:37]} {[%emt
00:00:06]} Kxe6 {[%clk 01:02:16]} {[%emt 00:00:05]} 35. Rc3 {[%clk 00:54:27]}
{[%emt 00:01:42]} Rf7 {[%clk 01:02:32]} {[%emt 00:00:15]} 36. b5 {[%clk
00:54:01]} {[%emt 00:00:56]} Kd7 {[%clk 01:01:17]} {[%emt 00:01:44]} 37. b6
{[%clk 00:53:57]} {[%emt 00:00:33]} Kd8 {[%clk 01:01:09]} {[%emt 00:00:38]} 38.
bxc7 {[%clk 00:54:18]} {[%emt 00:00:09]} Rcxc7 {[%emt 00:00:14]} 39. Rcxc7
{[%emt 00:00:09]} Rxc7 {[%clk 01:01:50]} {[%emt 00:00:03]} 40. Rxc7 {[%clk
00:55:06]} {[%emt 00:00:06]} Kxc7 {[%clk 01:01:54]} {[%emt 00:00:25]} 41. Nh4
{[%clk 00:55:26]} Kc6 {[%clk 01:01:39]} {[%emt 00:00:55]} 42. Nf5 {[%clk
00:54:56]} {[%emt 00:01:00]} d5 {[%clk 01:00:03]} {[%emt 00:02:06]} 43. exd5
{[%clk 00:55:10]} {[%emt 00:00:16]} Kxd5 {[%clk 01:00:27]} {[%emt 00:00:06]}
44. Nxg7 {[%clk 00:55:09]} {[%emt 00:00:31]} Ke4 {[%clk 01:00:06]} {[%emt
00:00:52]} 45. Kd2 {[%clk 00:55:06]} {[%emt 00:00:33]} Kd4 {[%clk 00:59:39]}
{[%emt 00:00:56]} 46. c3 {[%clk 00:54:42]} {[%emt 00:00:54]} Ke4 {[%clk
00:59:18]} {[%emt 00:00:52]} 47. a4 {[%clk 00:54:39]} {[%emt 00:00:33]} Kd5
{[%clk 00:59:23]} {[%emt 00:00:25]} 48. Nf5 {[%clk 00:54:41]} {[%emt 00:00:28]}
h5 {[%clk 00:59:03]} {[%emt 00:00:50]} 49. Ng3 {[%clk 00:54:43]} {[%emt
00:00:28]} Kc4 {[%clk 00:58:19]} {[%emt 00:01:14]} 50. Ke3 {[%clk 00:54:53]}
{[%emt 00:00:20]} Kc5 {[%clk 00:57:15]} {[%emt 00:01:34]} 51. Nxh5 {[%clk
00:54:52]} {[%emt 00:00:32]} Kb6 {[%clk 00:56:42]} {[%emt 00:01:03]} 52. g4
{[%clk 00:55:03]} {[%emt 00:00:19]} Ka5 {[%clk 00:56:31]} {[%emt 00:00:41]} 53.
g5 {[%clk 00:55:24]} {[%emt 00:00:09]} Kxa4 {[%clk 00:56:48]} {[%emt 00:00:11]}
54. g6 {[%clk 00:55:52]} {[%emt 00:00:03]} Kb3 {[%clk 00:57:01]} {[%emt
00:00:17]} 55. g7 {[%clk 00:56:13]} {[%emt 00:00:10]} Kxc3 {[%clk 00:57:20]}
{[%emt 00:00:10]} 56. g8=Q {[%clk 00:56:40]} {[%emt 00:00:04]} Kc2 {[%clk
00:57:27]} {[%emt 00:00:22]} 57. Qc4 {[%clk 00:56:49]} {[%emt 00:00:21]} Kb2
{[%clk 00:57:09]} {[%emt 00:00:18]} 58. Kd2 {[%clk 00:56:49]} {[%emt 00:00:30]}
Ka1 {[%clk 00:55:49]} {[%emt 00:02:20]} 59. Kc2 {[%clk 00:57:08]} {[%emt
00:00:12]} e4 {[%clk 00:55:55]} {[%emt 00:00:23]} 60. Qa4# {[%clk 00:57:31]}
{[%emt 00:00:07]} 1-0

[Event "DVM U12 2022"]
[Site "München GER"]
[Date "2022.12.27"]
[Round "1"]
[White "Uyar, Levin"]
[Black "Halich, Jan Finnian"]
[Result "1-0"]
[Termination "normal"]
[Board "10.1"]
[WhiteElo "1573"]
[BlackElo "1182"]
[WhiteTeam "SC Untergrombach 46"]
[BlackTeam "SV Werder Bremen"]
[PlyCount "101"]
[WhiteFideId "16282108"]
[BlackFideId "34623710"]
[EventCountry "GER"]
[EventRounds "7"]
[EventType "team-swiss"]
[EventDate "2022.12.26"]

1. e4 e6 2. d4 d5 3. Nd2 c5 4. Ngf3 Bd7 5. exd5 exd5 6. Be2 Nf6 7. O-O Be7 8.
dxc5 Bxc5 9. Nb3 Be7 10. Bf4 O-O 11. Nfd4 Nc6 12. Bf3 Be6 13. Re1 Qd7 14. Qe2
Nd8 15. Rad1 Re8 16. Nb5 a6 17. Nc7 Nc6 18. Nxa8 Rxa8 19. c3 Re8 20. Qd2 Rd8
21. Nd4 Bc5 22. Be3 Nxd4 23. Bxd4 Be7 24. Qe2 Re8 25. c4 Qa4 26. b3 Qc6 27.
Bxf6 Bxf6 28. cxd5 Qb6 29. dxe6 Rxe6 30. Qc4 g6 31. Rxe6 fxe6 32. Re1 Kf7 33.
Rxe6 Qxe6 34. Bd5 Qxd5 35. Qxd5 Kg7 36. Qxb7 Kh6 37. Qxa6 Bc3 38. Qd3 Ba5 39.
Qe3 Kg7 40. Qa7 Bc7 41. Qxc7 Kh6 42. a4 g5 43. a5 g4 44. a6 g3 45. hxg3 Kg5 46.
Qf7 h5 47. a7 h4 48. gxh4 Kxh4 49. Qg7 Kh5 50. a8=R Kh4 51. Rh8# 1-0

[Event "DVM U12 2022"]
[Site "München GER"]
[Date "2022.12.27"]
[Round "1"]
[White "Wettstein, Levin"]
[Black "Jablonski, Ture"]
[Result "1-0"]
[Termination "normal"]
[Board "10.3"]
[WhiteElo "1193"]
[BlackElo "1038"]
[WhiteTeam "SC Untergrombach 46"]
[BlackTeam "SV Werder Bremen"]
[PlyCount "60"]
[WhiteFideId "34635866"]
[BlackFideId "34640452"]
[EventCountry "GER"]
[EventRounds "7"]
[EventType "team-swiss"]
[EventDate "2022.12.26"]

1. e4 c5 2. Nc3 Nc6 3. Nf3 d6 4. d4 cxd4 5. Nxd4 g6 6. Bb5 Bd7 7. O-O Bg7 8.
Be3 Nf6 9. Qd2 O-O 10. h3 a6 11. Nxc6 Bxc6 12. Bxc6 bxc6 13. Rab1 Rb8 14. Rfd1
Rb7 15. e5 Ne8 16. exd6 Nxd6 17. b3 Rd7 18. Ne4 Qc7 19. Nxd6 Rxd6 20. Qe2 Rfd8
21. Rxd6 Rxd6 22. Qxa6 c5 23. Qe2 Qa5 24. a4 Qc3 25. Rd1 Re6 26. Rd3 Qa1 27.
Rd1 Qc3 28. Rd8 Bf8 29. Bh6 Qg7 30. Bxg7 Kxg7 0-1

[Event "DVM U12 2022"]
[Site "München GER"]
[Date "2022.12.27"]
[Round "1"]
[White "Plath, Erik"]
[Black "Wenzel, Jonathan"]
[Result "1-0"]
[Termination "normal"]
[Board "10.4"]
[WhiteElo "927"]
[BlackElo "1031"]
[WhiteTeam "SV Werder Bremen"]
[BlackTeam "SC Untergrombach 46"]
[PlyCount "135"]
[WhiteFideId "34608206"]
[BlackFideId "34640568"]
[EventCountry "GER"]
[EventRounds "7"]
[EventType "team-swiss"]
[EventDate "2022.12.26"]

1.e4 e5 2.Nf3 Nc6 3.c3 Nf6 4.d4 d6 5.d5 Ne7 6.Bd3 g6 7.Bg5 Bg7 8.Qd2 c6 9.c4
Bd7 10.Bh6 Bxh6 11.Qxh6 Qa5 12.Nc3 O-O-O 13.Qg7 Nh5 14.Qh6 Nf4 15.Bf1 a6 16.g3
Nh5 17.Qe3 c5 18.Ng5 Rdf8 19.Be2 f5 20.O-O-O fxe4 21.Ngxe4 Nf5 22.Qd2 Nd4
23.Nxd6 Kb8 24.Qe3 Ba4 25.Rde1 Nc2 26.Qxe5 Nxe1 27.Nf7 Qc7 28.Qxc7 Kxc7 29.Nxh8
Be8 30.Rxe1 Rxh8 31.Bxh5 gxh5 32.Re7 Kb6 33.Na4 Bxa4 34.Re6 Ka7 35.d6 Rd8 36.f4
Bd7 37.Re5 Bg4 38.Rd5 Kb6 39.f5 Kc6 40.f6 Be6 41.Re5 Rxd6 42.Rxh5 Bxc4 43.Rh6
Kb6 44.f7 Bxf7 45.Rxd6 Kc7 46.Rh6 Bxa2 47.Rxh7 Kb6 48.g4 Kc6 49.g5 b5 50.Rh6
Kb7 51.g6 a5 52.g7 a4 53.Rh7 Ka6 54.Rh8 Ka5 55.g8=Q Bxg8 56.Rxg8 Kb4 57.Rg4 c4
58.Kc2 a3 59.bxa3 Kxa3 60.Kc3 Ka4 61.h4 Ka3 62.Rg5 b4 63.Kxc4 b3 64.Rg3 Ka4
65.Rxb3 Ka5 66.h5 Ka6 67.h6 Ka7 68.h7 1-0

[Event "DVM U12 2022"]
[Site "München GER"]
[Date "2022.12.27"]
[Round "2"]
[White "Shen, Tingrui"]
[Black "Ramming, Moritz"]
[Result "1-0"]
[Termination "normal"]
[Board "1.1"]
[WhiteElo "1643"]
[BlackElo "1634"]
[WhiteClock "01:11:35"]
[BlackClock "00:54:54"]
[WhiteTeam "TV Tegernsee"]
[BlackTeam "SK Kelheim 1920"]
[PlyCount "55"]
[WhiteFideId "34603441"]
[BlackFideId "34618198"]
[EventCountry "GER"]
[EventRounds "7"]
[EventType "team-swiss"]
[EventDate "2022.12.26"]

1. e4 {[%clk 01:30:49]} {[%emt 00:00:10]} e6 {[%clk 01:30:49]} {[%emt
00:00:11]} 2. d4 {[%clk 01:31:02]} {[%emt 00:00:17]} d5 {[%clk 01:31:11]}
{[%emt 00:00:08]} 3. e5 {[%clk 01:30:55]} {[%emt 00:00:38]} c5 {[%clk
01:31:07]} {[%emt 00:00:34]} 4. c3 {[%clk 01:31:03]} {[%emt 00:00:22]} Nc6
{[%clk 01:31:23]} {[%emt 00:00:14]} 5. Nf3 {[%clk 01:31:16]} {[%emt 00:00:18]}
Qb6 {[%clk 01:31:32]} {[%emt 00:00:20]} 6. a3 {[%clk 01:30:11]} {[%emt
00:01:35]} Bd7 {[%clk 01:31:10]} {[%emt 00:00:52]} 7. b4 {[%clk 01:29:28]}
{[%emt 00:01:13]} c4 {[%clk 01:28:41]} {[%emt 00:03:00]} 8. a4 {[%clk
01:25:22]} {[%emt 00:04:36]} a6 {[%clk 01:27:46]} {[%emt 00:01:25]} 9. Be2
{[%clk 01:23:43]} {[%emt 00:02:09]} Be7 {[%clk 01:27:29]} {[%emt 00:00:47]} 10.
O-O {[%clk 01:23:38]} {[%emt 00:00:35]} h6 {[%clk 01:27:28]} {[%emt 00:00:32]}
11. Qc2 {[%clk 01:20:44]} {[%emt 00:03:23]} O-O-O {[%clk 01:25:59]} {[%emt
00:01:59]} 12. Be3 {[%clk 01:19:44]} {[%emt 00:01:29]} g5 {[%clk 01:24:02]}
{[%emt 00:02:27]} 13. h3 {[%clk 01:18:36]} {[%emt 00:01:38]} Bf8 {[%clk
01:21:23]} {[%emt 00:03:09]} 14. Nbd2 {[%clk 01:17:35]} {[%emt 00:01:31]} Nge7
{[%clk 01:19:29]} {[%emt 00:02:24]} 15. Bxc4 {[%clk 01:15:17]} {[%emt
00:02:47]} Nf5 {[%clk 01:10:08]} {[%emt 00:09:51]} 16. Bd3 {[%clk 01:13:35]}
{[%emt 00:02:10]} Bg7 {[%clk 01:06:12]} {[%emt 00:04:27]} 17. b5 {[%clk
01:11:35]} {[%emt 00:02:30]} axb5 {[%clk 01:04:52]} {[%emt 00:01:50]} 18. axb5
{[%clk 01:11:43]} {[%emt 00:00:23]} Nce7 {[%clk 01:04:33]} {[%emt 00:00:49]}
19. c4 {[%clk 01:11:17]} {[%emt 00:00:56]} Nxe3 {[%clk 01:02:14]} {[%emt
00:02:49]} 20. fxe3 {[%clk 01:11:31]} {[%emt 00:00:16]} Kb8 {[%clk 00:56:02]}
{[%emt 00:06:42]} 21. c5 {[%clk 01:11:40]} {[%emt 00:00:21]} Qc7 {[%clk
00:56:01]} {[%emt 00:00:30]} 22. b6 {[%clk 01:11:02]} {[%emt 00:01:09]} Qc6
{[%clk 00:56:11]} {[%emt 00:00:20]} 23. Qa2 {[%clk 01:11:10]} {[%emt 00:00:21]}
Qa4 {[%clk 00:56:11]} {[%emt 00:00:31]} 24. Qxa4 {[%clk 01:11:20]} {[%emt
00:00:20]} Bxa4 {[%clk 00:56:27]} {[%emt 00:00:15]} 25. Rxa4 {[%clk 01:11:38]}
{[%emt 00:00:10]} Nc6 {[%clk 00:56:42]} {[%emt 00:00:14]} 26. Bb5 {[%clk
01:11:16]} {[%emt 00:00:52]} Rc8 {[%clk 00:55:03]} {[%emt 00:02:10]} 27. Rfa1
{[%clk 01:11:17]} {[%emt 00:00:29]} Rcf8 {[%clk 00:54:54]} {[%emt 00:00:40]}
28. Ra8# {[%clk 01:11:35]} {[%emt 00:00:12]} 1-0